000 00616nam a22001817a 4500
003 PILC
005 20150909074957.0
008 150909b xxu||||| |||| 00| 0 eng d
020 _a9789713013088
050 _aRT 41
_b.Al388 2009
100 _aAlfonte, Arminda E.
245 _aFundamentals of nursing :
_btheory and practice for physical, mental, emotional and social wellness /
_cArminda E. Alfonte, Angelina T. Sta Elena.
260 _aManila :
_bMerriam Webster,
_c2009.
300 _axix, 455 pages :
_billustrations ;
_c26 cm.
500 _aIncludes reference.
650 _aNursing.
942 _2lcc
_cBK
_kFOR
999 _c288652
_d288652